| 000 | 00960nam a2200205Ia 4500 | ||
|---|---|---|---|
| 999 |
_c38772 _d38772 |
||
| 001 | 5121 | ||
| 003 | GE_BSU | ||
| 005 | 20190528183617.0 | ||
| 008 | 181216s1969||||ge |||||||||||||| ||geo|| | ||
| 040 | _cGE_BSU | ||
| 041 | _ageo | ||
| 080 | _a621.926(075.8) + 621.928.21 ყ-56 | ||
| 100 |
_aყიფიანი, თ. _91605 |
||
| 245 |
_aსამსხვრევ-სახარისხებელი მანქანები და დანადგარები : _bსახელმძღვ. / _cთ. ყიფიანი ; რედ. ზ. ჯიბლაძე. |
||
| 264 |
_aთბილისი : _bგანათლება, _c1969. |
||
| 300 |
_a252 გვ. : _bილ. ; _c20 სმ. |
||
| 653 | _aსამსხვრევ-სახარისხებელი მანკანები და დანადგარები | ||
| 700 |
_aჯიბლაძე, ზ. _eრედაქტორი _91763 |
||
| 942 |
_cBK _2udc |
||